|
|
|
|
| LEADER |
03543nam a22005775i 4500 |
| 001 |
978-981-10-4284-3 |
| 003 |
DE-He213 |
| 005 |
20170529113036.0 |
| 007 |
cr nn 008mamaa |
| 008 |
170529s2017 si | s |||| 0|eng d |
| 020 |
|
|
|a 9789811042843
|9 978-981-10-4284-3
|
| 024 |
7 |
|
|a 10.1007/978-981-10-4284-3
|2 doi
|
| 040 |
|
|
|d GrThAP
|
| 050 |
|
4 |
|a SB123-123.5
|
| 050 |
|
4 |
|a S494.5.B563
|
| 072 |
|
7 |
|a PSTL
|2 bicssc
|
| 072 |
|
7 |
|a TCB
|2 bicssc
|
| 072 |
|
7 |
|a SCI011000
|2 bisacsh
|
| 072 |
|
7 |
|a SCI010000
|2 bisacsh
|
| 082 |
0 |
4 |
|a 631.52
|2 23
|
| 082 |
0 |
4 |
|a 660.6
|2 23
|
| 245 |
1 |
0 |
|a Bioresources and Bioprocess in Biotechnology
|h [electronic resource] :
|b Volume 2 : Exploring Potential Biomolecules /
|c edited by Shiburaj Sugathan, N. S. Pradeep, Sabu Abdulhameed.
|
| 264 |
|
1 |
|a Singapore :
|b Springer Singapore :
|b Imprint: Springer,
|c 2017.
|
| 300 |
|
|
|a XVIII, 438 p. 112 illus., 51 illus. in color.
|b online resource.
|
| 336 |
|
|
|a text
|b txt
|2 rdacontent
|
| 337 |
|
|
|a computer
|b c
|2 rdamedia
|
| 338 |
|
|
|a online resource
|b cr
|2 rdacarrier
|
| 347 |
|
|
|a text file
|b PDF
|2 rda
|
| 505 |
0 |
|
|a Part 1. Enzymes -- Chapter 1. Enzymes for Bioenergy -- Chapter 2. Therapeutic Enzymes -- Chapter 3. Enzymes for Bioremediation and Biocontrol -- Chapter 4. Enzymes as Molecular Tools -- Chapter 5. Biotransformation Enzymes -- Chapter 6. Enzyme Engineering -- Part 2. Anti cancer and Anti-inflammatory Molecules -- Chapter 7. Anticancer Agents from Marine Microorganisms -- Chapter 8. Cancer Combating Bio Molecules from Plants -- Chapter 9. Ant-inflammatory Molecules: Enzyme Inhibitors -- Chapter 10. Anti-inflammatory Molecules: Immune System Mediators -- Part 3. Antimicrobials -- Chapter 11. Antimicrobial Agents from Plants -- Chapter 12. Antimicrobials from Microbes -- Chapter 13. Novel Sources of Antimicrobials -- Chapter 14. Quorum Quenching Compounds from Natural Sources -- Chapter 15. Antimycobacterial Peptides -- Part 4. Emerging Trends -- Chapter 16. Probiotics -- Chapter 17. Stilbenes and its Derivatives in Traditional Medicine -- Chapter 18. Novel Targets and Advancements in Drug Discovery: the Case of HIV-AIDS.
|
| 520 |
|
|
|a This book is a compilation of detailed articles on various products and services that can be derived from bioresources through bioprocess. It offers in-depth discussions and case studies on commercially and therapeutically important enzymes, antimicrobials, anti-cancer molecules and anti-inflammatory substances. It also includes a separate section on emerging trends in bioactive substances research. This unique book is a valuable source of information for biotechnologists and bioprocess experts as well as academics and researchers who are actively involved in product and process development.
|
| 650 |
|
0 |
|a Life sciences.
|
| 650 |
|
0 |
|a Microbiology.
|
| 650 |
|
0 |
|a Plant biochemistry.
|
| 650 |
|
0 |
|a Enzymology.
|
| 650 |
|
0 |
|a Biodiversity.
|
| 650 |
|
0 |
|a Plant breeding.
|
| 650 |
1 |
4 |
|a Life Sciences.
|
| 650 |
2 |
4 |
|a Plant Breeding/Biotechnology.
|
| 650 |
2 |
4 |
|a Enzymology.
|
| 650 |
2 |
4 |
|a Biodiversity.
|
| 650 |
2 |
4 |
|a Applied Microbiology.
|
| 650 |
2 |
4 |
|a Plant Biochemistry.
|
| 700 |
1 |
|
|a Sugathan, Shiburaj.
|e editor.
|
| 700 |
1 |
|
|a Pradeep, N. S.
|e editor.
|
| 700 |
1 |
|
|a Abdulhameed, Sabu.
|e editor.
|
| 710 |
2 |
|
|a SpringerLink (Online service)
|
| 773 |
0 |
|
|t Springer eBooks
|
| 776 |
0 |
8 |
|i Printed edition:
|z 9789811042829
|
| 856 |
4 |
0 |
|u http://dx.doi.org/10.1007/978-981-10-4284-3
|z Full Text via HEAL-Link
|
| 912 |
|
|
|a ZDB-2-SBL
|
| 950 |
|
|
|a Biomedical and Life Sciences (Springer-11642)
|